000 00659nam a2200229Ia 4500
003 OSt
005 20220928123044.0
006 a|||||r|||| 00| 0
007 ta
008 220927b |||||||| |||| 00| 0 eng d
024 _a34136
037 _cTextual
040 _aSDCL
_cSDCL
_beng
041 _2eng
_aeng
082 _aO152:gxN15,10, P0
100 _aPriyadarshani Sushma Ed.
_9460150
245 0 _aNagendra
_b Parampara aur pariniti.
260 _aNew Delhi
_bNational Publishing House
_c2000
300 _axix,371p.
_ccm.
942 _hO152:gxN15,10, P0
_cTEXL
_2CC
999 _c773380
_d773380